[Event "HUN-chT2 Barcza 0809"]
[Site "Hungary"]
[Date "2008.11.30"]
[Round "3.2"]
[White "Galgovics, Andras"]
[Black "Racz, Zoltan"]
[Result "1/2-1/2"]
[WhiteElo "2043"]
[BlackElo "2305"]
[PlyCount "130"]
[EventDate "2008.10.26"]
[EventType "team-tourn"]
[EventRounds "11"]
[EventCountry "HUN"]
[SourceTitle "EXT 2010"]
[Source "ChessBase"]
[SourceDate "2010.11.25"]
[SourceVersion "1"]
[SourceVersionDate "2010.11.25"]
[SourceQuality "1"]
[WhiteTeam "Miskolc EMSE II"]
[BlackTeam "Nyiregyhaza"]
[WhiteTeamCountry "HUN"]
[BlackTeamCountry "HUN"]

1. d4 f5 2. c4 Nf6 3. Nc3 g6 4. Bg5 Bg7 5. f4 0-0 6. Nf3 d6 7. e3 c6 8. Bd3 Nbd7 9. 0-0 Qb6 10. Qd2 e5 11. fxe5 dxe5 12. c5 Qc7 13. Bc4+ Kh8 14. b4 a5 15. b5 h6 16. b6 Qd8 17. Bxf6 Qxf6 18. Rad1 exd4 19. exd4 Nxc5 20. Ne5 Be6 21. Bxe6 Qxe6 22. Nxg6+ Qxg6 23. dxc5 Qf6 24. Ne2 Qe5 25. Qc2 f4 26. Rf3 Rae8 27. Kf1 Qh5 28. Nxf4 Rxf4 29. Rxf4 Qxh2 30. Qf2 Qh1+ 31. Qg1 Qh5 32. Rf3 Re5 33. Rc1 Qg5 34. Rd1 Rxc5 35. Qe3 Qxe3 36. Rxe3 Rf5+ 37. Kg1 c5 38. Rd8+ Kh7 39. Re7 Kg6 40. Rd6+ Bf6 41. Rxb7 Kg5 42. Re6 c4 43. Rd7 c3 44. b7 c2 45. Rc6 Rb5 46. Rxc2 Kf4 47. Rc4+ Ke3 48. Rc1 Bd4 49. Kf1 Kd2 50. Rxd4+ Kxc1 51. Rd5 Rxb7 52. Rxa5 Rb2 53. Ra6 Kd2 54. Kf2 Kd3+ 55. Kf3 Kd4 56. Rxh6 Rxa2 57. Re6 Kd5 58. Re1 Ra4 59. g4 Rb4 60. Kg3 Rb8 61. g5 Rb4 62. Kf3 Kd6 63. g6 Kd7 64. Kg3 Rb6 65. Kf4 Rxg6 1/2-1/2

[Event "HUN-chT2 Barcza 0809"]
[Site "Hungary"]
[Date "2008.10.26"]
[Round "1.2"]
[White "Galgovics, Andras"]
[Black "Lengyel, Ferenc"]
[Result "1/2-1/2"]
[WhiteElo "2260"]
[BlackElo "2148"]
[PlyCount "68"]
[EventDate "2008.10.26"]
[EventType "team-tourn"]
[EventRounds "11"]
[EventCountry "HUN"]
[SourceTitle "EXT 2010"]
[Source "ChessBase"]
[SourceDate "2010.11.25"]
[SourceVersion "1"]
[SourceVersionDate "2010.11.25"]
[SourceQuality "1"]
[WhiteTeam "Miskolc EMSE II"]
[BlackTeam "Hajduszoboszlo"]
[WhiteTeamCountry "HUN"]
[BlackTeamCountry "HUN"]

1. d4 Nf6 2. c4 e6 3. Nc3 d5 4. Bg5 Be7 5. e3 h6 6. Bxf6 Bxf6 7. f4 0-0 8. c5 b6 9. b4 bxc5 10. bxc5 Ba6 11. Nf3 Bxf1 12. Kxf1 Nc6 13. Qa4 Qd7 14. Kf2 g5 15. Rab1 gxf4 16. exf4 Rfd8 17. Ne5 Nxe5 18. fxe5 Qxa4 19. Nxa4 Bg7 20. Rb7 Rdc8 21. Ke3 f6 22. exf6 Bxf6 23. Nc3 a6 24. Ne2 Kf7 25. Nf4 Ke7 26. Kd3 Kd7 27. Rb2 Rab8 28. Rhb1 Rb5 29. a4 Rxb2 30. Rxb2 Rg8 31. Re2 Re8 32. Ng6 Rg8 33. Nf4 Re8 34. Ng6 Rg8 1/2-1/2

[Event "HUN-chT2 Maroczy 0708"]
[Site "Hungary"]
[Date "2008.04.27"]
[Round "10"]
[White "Bor, Ferenc"]
[Black "Galgovics, Andras"]
[Result "0-1"]
[WhiteElo "2046"]
[BlackElo "2006"]
[PlyCount "78"]
[EventDate "2007.10.14"]
[EventType "team"]
[EventRounds "11"]
[EventCountry "HUN"]
[SourceTitle "EXT 2009"]
[Source "ChessBase"]
[SourceDate "2008.11.26"]
[SourceVersion "1"]
[SourceVersionDate "2008.11.26"]
[SourceQuality "1"]
[WhiteTeam "Koszolg"]
[BlackTeam "Miskolc EMSE"]
[WhiteTeamCountry "HUN"]
[BlackTeamCountry "HUN"]

1. e4 c6 2. d4 d5 3. e5 Qb6 4. c4 dxc4 5. Nc3 Bf5 6. Bxc4 e6 7. Nge2 Ne7 8. 0-0 Nd5 9. a3 Nxc3 10. Nxc3 Na6 11. b4 Rd8 12. Be3 Qc7 13. b5 Nb8 14. Qa4 Be7 15. bxc6 bxc6 16. Rac1 0-0 17. Be2 g5 18. Nb5 Qb7 19. Nd6 Bxd6 20. exd6 h6 21. h4 f6 22. hxg5 hxg5 23. d5 cxd5 24. Rc7 Qb2 25. Re1 e5 26. Qxa7 Nd7 27. Qa5 Be6 28. Ba7 e4 29. f3 f5 30. Qa4 Qe5 31. Qb4 f4 32. Bd4 Qf5 33. fxe4 dxe4 34. Bc4 e3 35. Qc3 Rf7 36. Bd3 Qg4 37. Rc8 Rxc8 38. Qxc8+ Nf8 39. Qc6 f3 0-1

[Event "HUN-chT2 Barcza 0708"]
[Site "Hungary"]
[Date "2007.12.09"]
[Round "4"]
[White "Galgovics, Andras"]
[Black "Cselenyi, Balazs"]
[Result "1/2-1/2"]
[WhiteElo "2006"]
[BlackElo "2170"]
[PlyCount "22"]
[EventDate "2007.10.14"]
[EventType "team"]
[EventRounds "11"]
[EventCountry "HUN"]
[SourceTitle "EXT 2009"]
[Source "ChessBase"]
[SourceDate "2008.11.26"]
[SourceVersion "1"]
[SourceVersionDate "2008.11.26"]
[SourceQuality "1"]
[WhiteTeam "Miskolc II"]
[BlackTeam "DEAC"]
[WhiteTeamCountry "HUN"]
[BlackTeamCountry "HUN"]

1. d4 Nf6 2. c4 g6 3. Nc3 Bg7 4. e4 d6 5. Bg5 h6 6. Bh4 0-0 7. f4 c5 8. d5 Qa5 9. Qd2 e6 10. Nf3 exd5 11. exd5 Re8+ 1/2-1/2